MARC

LEADER 00000nam0a2200000 4500
001 19679
005 20231030191809.0
010 |a 5376005534 
035 |a (RuTPU)RU\TPU\book\19847 
035 |a BOOK00000001 
090 |a 19679 
100 |a 20011209d1990 km y0rusy50 ca 
101 0 |a rus 
102 |a MD 
105 |a y z 000zb 
200 1 |a Символ и ирония  |e опыт характеристики романтического миросозерцания  |f В. О. Пигулевский, Л. А. Мирская  
210 |a Кишинев  |c Штиинца  |d 1990 
215 |a 165 с. 
600 1 |a Кьеркегор (Киркегор)  |g Серен  |b С.  |c датский философ  |c богослов  |f 1813-1855  |c писатель  |2 stltpui  |3 (RuTPU)RU\TPU\pers\251 
600 1 |a Ницше  |g Фридрих  |f 1844-1900  |c немецкий философ  |b Ф.  |2 stltpui  |3 (RuTPU)RU\TPU\pers\341 
600 1 |a Шопенгауэр  |g Артур  |b А.  |c немецкий философ  |f 1788-1860  |2 stltpui  |3 (RuTPU)RU\TPU\pers\470 
610 1 |a философия 
610 1 |a история 
610 1 |a западноевропейская философия 
610 1 |a 19 век 
610 1 |a 20 век 
610 1 |a романтизм 
610 1 |a символы 
610 1 |a ирония 
686 |a Ю3(0)6-63/68  |v LBC/SL-A  |2 rubbk 
700 1 |a Пигулевский  |b В. О.  |g Виктор Олегович 
701 1 |a Мирская  |b Л. А.  |g Людмила Анатольевна 
801 0 |a RU  |b 63413507  |c 20011209  |g PSBO 
801 2 |a RU  |b 63413507  |c 20130110  |g PSBO 
942 |c BK